| 000 | 00507nam a2200181Ia 4500 | ||
|---|---|---|---|
| 005 | 20250423095319.0 | ||
| 008 | 250422s9999 xx 000 0 und d | ||
| 020 | _a1568846827 | ||
| 050 | _aHF 5548.4 .M523 M268/ | ||
| 100 | _aMaran, Ruth | ||
| 245 | 0 | _aExcel for Windows 95 simplified | |
| 260 | _aFoster City | ||
| 260 | _bIDG Books Worldwide | ||
| 260 | _c2005 | ||
| 300 | _a211 p | ||
| 650 | _aMicrosoft Excel (Computer file) Business--Computer programs. Electronic spreadsheets. | ||
| 942 | _cBK | ||
| 999 |
_c29897 _d29897 |
||